000 00317nam a2200133 i 4500
001 bg
100 1 _aKONDORSKIJ, E. I.
245 0 _aZonnaja teorija magnetizma.
_nCz. 1 /
_cE.I. Kondorski.
260 _aMoskva,
_c1976.
040 _cBPK
041 _apol
942 _cKS
008 s pl f |000 0 pol
999 _c17143
_d17143
856 _uhttp://koha.tu.koszalin.pl/cgi-bin/koha/opac-detail.pl?biblionumber=17143
_yKatalog online BPK